Marvel Heroes by Real Names (Easy) #4 - Statistics

General Stats
  • This quiz has been taken 12 times
  • The average score is 19 of 25
Answer Stats
Name Answer % Correct
Henry "Hank" Pym Ant-Man
100%
Scott Lang Ant-Man
100%
Gamora Zen Whoberi Ben Titan Gamora
100%
Adam Warlock Warlock
100%
Elektra Natchios Daredevil
92%
Stephen Strange Dr. Strange
92%
Samuel "Sam" Wilson Falcon
92%
Alexander "Alex" Summers Havok
92%
Jonathan "Johnny" Storm Human Torch
92%
Miles Morales Spider-Man
92%
Henry "Hank" McCoy Beast
83%
Gorgon Petragon Gorgon
83%
Marc Spector/Steven Grant/Jake Lockley Moon Knight
83%
Monica Rambeau Spectrum
83%
Mar-Vell Captain Marvel
75%
Piotr "Peter" Rasputin Colossus
75%
Danielle "Dani" Moonstar Mirage
75%
Illyana Rasputina Magik
67%
"Donald Blake" Thor
67%
Brain Braddock Captain Britain
58%
unknown; technologically-skilled mutant Forge
58%
unknown; little purple space dragon Lockheed
58%
Kevin Plunder Ka-Zar
42%
Christopher Powell Darkhawk
33%
Sarah (surname unknown) Marrow
25%
No matching quizzes found
Score Distribution
Percent of People with Each Score
Percentile by Number Answered
Your Score History
You have not taken this quiz